[Event "Titled Tuesday intern op 16th May Late"]
[Site "Chess.com INT"]
[Date "2023.05.16"]
[Round "1"]
[White "Ozates, Tuna"]
[Black "Panico, Nick F III"]
[Result "1-0"]
[WhiteElo "2251"]
[BlackElo "2001"]
[PlyCount "64"]
[EventDate "2023.05.16"]
[EventType "swiss (blitz)"]
[EventRounds "11"]
[EventCountry "USA"]
[SourceTitle "CBM 214 Extra"]
[Source "ChessBase"]
[SourceDate "2023.07.31"]
[SourceVersion "1"]
[SourceVersionDate "2023.07.31"]
[SourceQuality "1"]

1. d4 f5 2. g3 Nf6 3. Bg2 g6 4. Nh3 Bg7 5. 0-0 0-0 6. c4 d6 7. d5 Na6 8. Nf4 Bd7 9. Nc3 Qe8 10. Rb1 c6 11. b4 Nc7 12. Bb2 Rc8 13. dxc6 bxc6 14. Qa4 c5 15. b5 a6 16. Qb3 axb5 17. cxb5+ Kh8 18. a4 g5 19. Nfd5 Be6 20. Rfd1 Qf7 21. b6 Ncxd5 22. Nxd5 c4 23. Qb5 Rc5 24. Bxf6 Rxb5 25. Bxg7+ Kxg7 26. Rxb5 Rb8 27. a5 Qe8 28. Nc7 Qd7 29. a6 Qxc7 30. bxc7 Rxb5 31. a7 c3 32. a8Q c2 1-0

[Event "Titled Tuesday intern op 09th May Late"]
[Site "Chess.com INT"]
[Date "2023.05.09"]
[Round "4"]
[White "Kiseljova, Marya"]
[Black "Panico, Nick F III"]
[Result "0-1"]
[WhiteElo "2031"]
[BlackElo "2001"]
[PlyCount "38"]
[EventDate "2023.05.09"]
[EventType "swiss (blitz)"]
[EventRounds "11"]
[EventCountry "USA"]
[SourceTitle "CBM 214 Extra"]
[Source "ChessBase"]
[SourceDate "2023.07.31"]
[SourceVersion "1"]
[SourceVersionDate "2023.07.31"]
[SourceQuality "1"]

1. d4 f5 2. Nf3 Nf6 3. c4 d6 4. Nc3 g6 5. e3 Bg7 6. Bd3 0-0 7. 0-0 Nc6 8. e4 fxe4 9. Nxe4 e5 10. dxe5 dxe5 11. Bg5 Bg4 12. Nxf6+ Bxf6 13. Bxf6 Qxf6 14. Be2 Rad8 15. Qb3 e4 16. c5+ Kg7 17. Qxb7 exf3 18. Bb5 fxg2 19. Rfe1 Qxf2# 0-1

[Event "Titled Tuesday intern op 09th May Early"]
[Site "Chess.com INT"]
[Date "2023.05.09"]
[Round "9"]
[White "Panico, Nick F III"]
[Black "Lakshmi, Chidambaram"]
[Result "1-0"]
[WhiteElo "2001"]
[BlackElo "1928"]
[PlyCount "119"]
[EventDate "2023.05.09"]
[EventType "swiss (blitz)"]
[EventRounds "11"]
[EventCountry "USA"]
[SourceTitle "CBM 214 Extra"]
[Source "ChessBase"]
[SourceDate "2023.07.31"]
[SourceVersion "1"]
[SourceVersionDate "2023.07.31"]
[SourceQuality "1"]

1. f4 d5 2. Nf3 c5 3. e3 Nc6 4. Bb5 Bd7 5. 0-0 Nf6 6. b3 a6 7. Bxc6 Bxc6 8. Bb2 e6 9. Ne5 Bb5 10. d3 Nd7 11. Nd2 Nxe5 12. fxe5 Be7 13. Qg4 Bg5 14. Rae1 h5 15. Qf3 Qe7 16. Re2 g6 17. c4 Bc6 18. e4 d4 19. g3 h4 20. Qg4 hxg3 21. hxg3 Be3+ 22. Kg2 0-0-0 23. Nf3 Rdg8 24. Bc1 f5 25. exf6 Qxf6 26. Bxe3 dxe3 27. Ng5 Rh2+ 28. Kxh2 Qxf1 29. Qxe6+ Kc7 30. Qf7+ Qxf7 31. Nxf7 Rf8 32. Ne5 Rf1 33. Kg2 Ra1 34. Nxc6 Kxc6 35. Kf3 b5 36. Kxe3 b4 37. Rf2 Kd7 38. Kf4 Ke6 39. Kg5 Rg1 40. g4 Ke5 41. Kxg6 Rxg4+ 42. Kf7 Rg3 43. Rd2 Kd4 44. Ke6 Kc3 45. Rf2 Kxd3 46. Kd5 Ke3 47. Rh2 Rg5+ 48. e5 Kf4 49. Kxc5 a5 50. Re2 Kf3 51. Re1 Kf2 52. Rd1 Rxe5+ 53. Rd5 Re2 54. Kb5 Rxa2 55. c5 Ra3 56. c6 Rxb3 57. c7 Rc3 58. Rc5 Rxc5+ 59. Kxc5 b3 60. c8Q 1-0

[Event "Titled Tuesday intern op 09th May Early"]
[Site "Chess.com INT"]
[Date "2023.05.09"]
[Round "11"]
[White "Winkels, Marcel"]
[Black "Panico, Nick F III"]
[Result "1/2-1/2"]
[WhiteElo "1960"]
[BlackElo "2001"]
[PlyCount "114"]
[EventDate "2023.05.09"]
[EventType "swiss (blitz)"]
[EventRounds "11"]
[EventCountry "USA"]
[SourceTitle "CBM 214 Extra"]
[Source "ChessBase"]
[SourceDate "2023.07.31"]
[SourceVersion "1"]
[SourceVersionDate "2023.07.31"]
[SourceQuality "1"]

1. d4 f5 2. Nc3 Nf6 3. Bg5 d5 4. e3 Nc6 5. Bd3 e6 6. Nf3 Be7 7. h4 0-0 8. h5 Ne4 9. Bxe7 Qxe7 10. h6 g6 11. Ne5 Qg5 12. Qf3 Nb4 13. a3 Nxd3+ 14. cxd3 Nf6 15. 0-0-0 Nd7 16. Kb1 Nxe5 17. dxe5 f4 18. d4 fxe3 19. Qxe3 Qxe3 20. fxe3 Rf2 21. g4 Bd7 22. e4 c6 23. exd5 cxd5 24. Rc1 Rc8 25. Rhf1 Rxf1 26. Rxf1 Rf8 27. Rxf8+ Kxf8 28. g5 Ke7 29. Kc2 Kd8 30. Kb3 Kc7 31. Kb4 b6 32. Nb5+ Bxb5 33. Kxb5 Kb7 34. a4 a6+ 35. Kb4 Kc6 36. Kc3 a5 37. b4 Kc7 38. bxa5 bxa5 39. Kb3 Kb6 40. Kc3 Kc6 41. Kd3 Kb6 42. Ke3 Kc6 43. Kf4 Kc7 44. Kf3 Kd7 45. Kf4 Kc8 46. Kf3 Kd8 47. Kf4 Ke8 48. Kf3 Kf8 49. Kf4 Kg8 50. Ke3 Kh8 51. Kd3 Kg8 52. Kc3 Kf8 53. Kb3 Ke8 54. Ka3 Kd8 55. Kb3 Kc8 56. Kc3 Kb8 57. Kd3 Ka8 1/2-1/2

[Event "Titled Tuesday intern op 09th May Early"]
[Site "Chess.com INT"]
[Date "2023.05.09"]
[Round "3"]
[White "Zampronha, Wladimir Camilo"]
[Black "Panico, Nick F III"]
[Result "1-0"]
[WhiteElo "2176"]
[BlackElo "2001"]
[PlyCount "111"]
[EventDate "2023.05.09"]
[EventType "swiss (blitz)"]
[EventRounds "11"]
[EventCountry "USA"]
[SourceTitle "CBM 214 Extra"]
[Source "ChessBase"]
[SourceDate "2023.07.31"]
[SourceVersion "1"]
[SourceVersionDate "2023.07.31"]
[SourceQuality "1"]

1. e4 e6 2. d4 d5 3. Nc3 Nf6 4. e5 Nfd7 5. f4 c5 6. Nf3 Nc6 7. Be3 a6 8. Qd2 cxd4 9. Nxd4 Bc5 10. 0-0-0 Nxd4 11. Bxd4 b5 12. h4 0-0 13. Rh3 Qc7 14. Kb1 b4 15. Na4 Bxd4 16. Qxd4 a5 17. c4 bxc3 18. Rxc3 Qb8 19. Rdc1 Ba6 20. Bxa6 Rxa6 21. Rc7 Nb6 22. R7c6 Nxa4 23. Rxa6 Qb5 24. Rac6 h6 25. b3 Rb8 26. Rc8+ Rxc8 27. Rxc8+ Kh7 28. Qxa4 Qf1+ 29. Rc1 Qxg2 30. Qxa5 Qe4+ 31. Ka1 Qxf4 32. Qc3 d4 33. Qc2+ Kh8 34. Rd1 Qxe5 35. Qd3 Qa5 36. Qxd4 Kh7 37. Qd3+ g6 38. Rf1 Kg7 39. Kb2 g5 40. Qc3+ Qxc3+ 41. Kxc3 g4 42. b4 f5 43. Kd4 Kf6 44. b5 e5+ 45. Ke3 g3 46. b6 f4+ 47. Kf3 Kf5 48. b7 e4+ 49. Kg2 Kg4 50. b8Q f3+ 51. Kg1 e3 52. Qb4+ Kh3 53. Rxf3 e2 54. Qe1 Kxh4 55. Qxg3+ Kh5 56. Rf5# 1-0

[Event "Titled Tuesday intern op 02nd May Late"]
[Site "Chess.com INT"]
[Date "2023.05.02"]
[Round "7"]
[White "Golubev, Mikhail"]
[Black "Panico, Nick F III"]
[Result "0-1"]
[WhiteElo "2461"]
[BlackElo "2001"]
[PlyCount "66"]
[EventDate "2023.05.02"]
[EventType "swiss (blitz)"]
[EventRounds "11"]
[EventCountry "USA"]
[SourceTitle "EXT 2024"]
[Source "ChessBase"]
[SourceDate "2023.10.10"]
[SourceVersion "1"]
[SourceVersionDate "2023.10.10"]
[SourceQuality "1"]

1. e4 e6 2. d4 d5 3. Bd3 dxe4 4. Bxe4 Nf6 5. Bf3 c5 6. Ne2 Nc6 7. Be3 e5 8. d5 Nd4 9. Nxd4 cxd4 10. Bg5 h6 11. Bxf6 gxf6 12. 0-0 Bf5 13. c3 Bc5 14. cxd4 Bxd4 15. Nc3 Qd7 16. Ne4 Bxe4 17. Bxe4 f5 18. Bc2 0-0-0 19. Qh5 e4 20. Rad1 Be5 21. d6 Kb8 22. Bb3 f6 23. Rd5 Qc6 24. Rfd1 Rd7 25. Rxe5 fxe5 26. Qxf5 Rhd8 27. Qxe5 Rxd6 28. h3 a6 29. Re1 Ka7 30. Qxe4 Qc5 31. Qe3 Qxe3 32. Rxe3 Rd2 33. Re6 Rxb2 0-1

[Event "Titled Tuesday intern op 02nd May Late"]
[Site "Chess.com INT"]
[Date "2023.05.02"]
[Round "8"]
[White "Marin, Sebastian"]
[Black "Panico, Nick F III"]
[Result "1-0"]
[WhiteElo "2258"]
[BlackElo "2001"]
[PlyCount "85"]
[EventDate "2023.05.02"]
[EventType "swiss (blitz)"]
[EventRounds "11"]
[EventCountry "USA"]
[SourceTitle "EXT 2024"]
[Source "ChessBase"]
[SourceDate "2023.10.10"]
[SourceVersion "1"]
[SourceVersionDate "2023.10.10"]
[SourceQuality "1"]

1. e4 e6 2. d4 d5 3. Nc3 Nf6 4. e5 Nfd7 5. f4 c5 6. Nf3 Nc6 7. Be3 a6 8. Qd2 cxd4 9. Nxd4 Bc5 10. 0-0-0 Nxd4 11. Bxd4 b5 12. Qf2 Qb6 13. Bxc5 Qxc5 14. Qxc5 Nxc5 15. Bd3 b4 16. Ne2 a5 17. Nd4 Ba6 18. Bb5+ Bxb5 19. Nxb5 Ke7 20. Nd6 Rhd8 21. Kd2 f6 22. Ke3 fxe5 23. fxe5 Nd7 24. Kd4 Nxe5 25. Nf5+ exf5 26. Kxe5 Rac8 27. Rd2 g6 28. Re1 Rc4 29. Rxd5 Rxc2 30. Kf4+ Kf6 31. Rxd8 g5+ 32. Kf3 g4+ 33. Kf4 Rc4+ 34. Kg3 h5 35. Rd6+ Kg5 36. h4+ gxh3 37. Kxh3 Rh4+ 38. Kg3 Rg4+ 39. Kh2 Rc4 40. Re2 a4 41. Rd5 h4 42. Rf2 Kg4 43. Rfxf5 1-0

[Event "Titled Tuesday intern op 02nd May Early"]
[Site "Chess.com INT"]
[Date "2023.05.02"]
[Round "11"]
[White "Panico, Nick F III"]
[Black "Acikel, Mert"]
[Result "0-1"]
[WhiteElo "2001"]
[BlackElo "2229"]
[PlyCount "84"]
[EventDate "2023.05.02"]
[EventType "swiss (blitz)"]
[EventRounds "11"]
[EventCountry "USA"]
[SourceTitle "EXT 2024"]
[Source "ChessBase"]
[SourceDate "2023.10.10"]
[SourceVersion "1"]
[SourceVersionDate "2023.10.10"]
[SourceQuality "1"]

1. d4 d5 2. Bf4 Nf6 3. e3 e6 4. Nd2 Bd6 5. Bg3 c5 6. c3 Qc7 7. Ngf3 Nbd7 8. Bd3 0-0 9. Qe2 b6 10. e4 dxe4 11. Nxe4 Bxg3 12. hxg3 Bb7 13. dxc5 Nxe4 14. Bxe4 Bxe4 15. Qxe4 Nf6 16. Qe5 Qxc5 17. Qxc5 bxc5 18. Ke2 Rfd8 19. Rhd1 Kf8 20. Ne5 Nd5 21. Nc6 Rdc8 22. Na5 c4 23. Rd4 Nb6 24. Rad1 Rc5 25. Nb7 Re5+ 26. Kf1 Rb8 27. Rd8+ Rxd8 28. Rxd8+ Ke7 29. Rb8 Rd5 30. Ke2 Kd7 31. Rd8+ Kc7 32. Rxd5 exd5 33. Na5 Na4 34. Ke3 Kb6 35. b4 Nxc3 36. Kd4 Nxa2 37. Kxd5 Nxb4+ 38. Kxc4 Kxa5 39. f4 Nc2 40. f5 Ne3+ 41. Kc5 Nxf5 42. g4 Ne3 0-1

[Event "Titled Tuesday intern op 02nd May Late"]
[Site "Chess.com INT"]
[Date "2023.05.02"]
[Round "11"]
[White "Panico, Nick F III"]
[Black "Kapp, Martin"]
[Result "1-0"]
[WhiteElo "2001"]
[BlackElo "2177"]
[PlyCount "41"]
[EventDate "2023.05.02"]
[EventType "swiss (blitz)"]
[EventRounds "11"]
[EventCountry "USA"]
[SourceTitle "EXT 2024"]
[Source "ChessBase"]
[SourceDate "2023.10.10"]
[SourceVersion "1"]
[SourceVersionDate "2023.10.10"]
[SourceQuality "1"]

1. f4 d5 2. Nf3 Nf6 3. e3 c5 4. Be2 e6 5. 0-0 Be7 6. b3 0-0 7. Bb2 Nc6 8. Ne5 Nd7 9. Nxc6 bxc6 10. d3 Bf6 11. Qc1 Rb8 12. Nc3 c4 13. e4 Bd4+ 14. Kh1 Qa5 15. Na4 c3 16. Ba3 c5 17. exd5 exd5 18. Bf3 Nf6 19. Rb1 Re8 20. h3 Bd7 21. g4 1-0

[Event "Titled Tuesday intern op 02nd May Late"]
[Site "Chess.com INT"]
[Date "2023.05.02"]
[Round "9"]
[White "Panico, Nick F III"]
[Black "Martic, Ivan"]
[Result "0-1"]
[WhiteElo "2001"]
[BlackElo "2301"]
[PlyCount "104"]
[EventDate "2023.05.02"]
[EventType "swiss (blitz)"]
[EventRounds "11"]
[EventCountry "USA"]
[SourceTitle "EXT 2024"]
[Source "ChessBase"]
[SourceDate "2023.10.10"]
[SourceVersion "1"]
[SourceVersionDate "2023.10.10"]
[SourceQuality "1"]

1. d4 d5 2. Bf4 Nf6 3. e3 c5 4. c3 Nc6 5. Nd2 cxd4 6. exd4 Bg4 7. Qb3 Qc8 8. h3 Bh5 9. Ngf3 e6 10. Bb5 Bxf3 11. Nxf3 Be7 12. Qa4 Nd7 13. Ne5 Ndxe5 14. Bxe5 0-0 15. Bxc6 bxc6 16. 0-0 c5 17. dxc5 Bxc5 18. Bd4 Rb8 19. Rab1 Qc7 20. Rfc1 Rfc8 21. Bxc5 Qxc5 22. Qd7 Rc7 23. Qa4 h5 24. Qf4 Rcb7 25. Rc2 a5 26. Re2 Qc4 27. Qxc4 dxc4 28. a3 g6 29. Kf1 Rd8 30. Ke1 Kg7 31. Re4 Rc7 32. Rd1 Rxd1+ 33. Kxd1 Rc5 34. Kc2 a4 35. Kd2 e5 36. f4 exf4 37. Rxf4 g5 38. Re4 h4 39. Ke3 Rb5 40. Rxc4 Rxb2 41. Rg4 Kg6 42. Rxa4 Rxg2 43. c4 Rg3+ 44. Ke4 Rxh3 45. c5 Rc3 46. Kd4 Rc1 47. Rc4 Rxc4+ 48. Kxc4 h3 49. c6 h2 50. c7 h1Q 51. c8Q Qc1+ 52. Kb5 Qxc8 0-1

[Event "Titled Tuesday intern op 02nd May Late"]
[Site "Chess.com INT"]
[Date "2023.05.02"]
[Round "6"]
[White "Panico, Nick F III"]
[Black "Smieszek, Wojciech"]
[Result "1/2-1/2"]
[WhiteElo "2001"]
[BlackElo "2078"]
[PlyCount "57"]
[EventDate "2023.05.02"]
[EventType "swiss (blitz)"]
[EventRounds "11"]
[EventCountry "USA"]
[SourceTitle "EXT 2024"]
[Source "ChessBase"]
[SourceDate "2023.10.10"]
[SourceVersion "1"]
[SourceVersionDate "2023.10.10"]
[SourceQuality "1"]

1. g3 Nf6 2. Bg2 c5 3. f4 Nc6 4. d3 g6 5. Nf3 Bg7 6. 0-0 0-0 7. Nc3 d6 8. e4 Nd4 9. Kh1 Bg4 10. Be3 Nxf3 11. Bxf3 Bxf3+ 12. Qxf3 e6 13. e5 dxe5 14. fxe5 Nd7 15. d4 cxd4 16. Bxd4 Nxe5 17. Bxe5 Bxe5 18. Qxb7 Bxc3 19. bxc3 Rc8 20. Rad1 Qa5 21. Rd7 Qxc3 22. Rdxf7 Rxf7 23. Qxf7+ Kh8 24. Qxe6 Qxc2 25. Qf6+ Kg8 26. Qf7+ Kh8 27. Qf6+ Kg8 28. Qe6+ Kh8 29. Qf6+ 1/2-1/2

[Event "Titled Tuesday intern op 02nd May Early"]
[Site "Chess.com INT"]
[Date "2023.05.02"]
[Round "1"]
[White "Rakotomaharo, Fy Antenaina"]
[Black "Panico, Nick F III"]
[Result "1-0"]
[WhiteElo "2459"]
[BlackElo "2001"]
[PlyCount "43"]
[EventDate "2023.05.02"]
[EventType "swiss (blitz)"]
[EventRounds "11"]
[EventCountry "USA"]
[SourceTitle "EXT 2024"]
[Source "ChessBase"]
[SourceDate "2023.10.10"]
[SourceVersion "1"]
[SourceVersionDate "2023.10.10"]
[SourceQuality "1"]

1. Nf3 f5 2. d3 d6 3. e4 e5 4. Nc3 Nc6 5. d4 exd4 6. Nxd4 Nxd4 7. Qxd4 Nf6 8. Bc4 Qe7 9. Bg5 c6 10. 0-0-0 Qe5 11. Qxe5+ dxe5 12. exf5 Bxf5 13. Rhe1 h6 14. Rxe5+ Be7 15. Bxf6 gxf6 16. Rxf5 Kf8 17. Rd7 Rd8 18. Rxb7 Bb4 19. Rxb4 c5 20. Rb7 Ke8 21. Bb5+ Kf8 22. Rxf6+ 1-0